07- Né(es) un 7 janvier - Statistiques

Statistiques générales
  • Ce quiz a été pris 17 fois
  • Le résultat moyen est 4 sur 17
Statistiques - réponses
Hint Année de naissance Réponse % Correct
Créateur français de chaussures aux semelles rouges. 1964 Christian Louboutin
69%
Pilote de Formule 1 britannique, 7 fois champion du monde. 1985 Lewis Hamilton
69%
Acteur américain, neveu de Francis Ford Coppola vu dans "Rock", "Lord of War", "Volte-face". 1964 Nicolas Cage
54%
226eme pape de l'Église catholique. Il réforma le calendrier par la bulle "Inter gravissimas", en 1582. 1502 Grégoire XIII
46%
Epouse du fils d'un ancien president des États-Unis décédée dans un accident d'avion en 1999. 1966 Carolyn Jeanne Bessette|Carolyn Bessette-Kennedy
38%
Femme de dictateur roumain. Assassinée avec son mari le 25 décembre 1989. 1916 Lenuța Petrescu|Elena Ceaușescu|Elena Ceausescu
31%
Ecrivain et poète français, tué le 5 septembre 1914 lors de la Première Guerre mondiale (première bataille de l'Ourcq). 1873 Charles Pierre Péguy|Charles Péguy
15%
Acteur américain vu dans certains opus des franchises "Mission impossible" et "Jason Bourne". 1971 Jeremy Renner
15%
Joueur de football français. Milieu de terrain notamment passé par l'Olympique lyonnais, Guingamp et le Stade Rennais. 1991 Clement Grenier
8%
Reine de Navarre à partir de 1555. Fille unique d'Henri II. Nièce du roi de France François Ier. 1528 Jeanne III|Jeanne d'Albret
8%
Ecrivain et historien français. Académicien. Auteur de la suite romanesque "La machinerie humaine". 1932 Max Gallo
8%
Franciscain, arrêté par la Gestapo. Déporté à Auschwitz s’offre de mourir à la place d'un père de famille polonais. Canonisé en 1982 par le pape Jean-Paul II. 1894 Rajmund Kolbe|Maximilien Kolbe
8%
Producteur. Co-fondateur de Paramount Pictures avec Jesse Lasky. 1873 Adolph Zukor
0%
Compositeur français de "Rapsodie nègre" en 1917 et "Messe en sol majeur". 1899 Francis Poulenc
0%
Un des frères de Napoléon Bonaparte. 1768 Joseph Bonaparte
0%
Auteure française de "Verte" et "Sans moi". 1959 Marie Desplechin
0%
Auteur français du "Locataire chimérique" et de "Joko fête son anniversaire". 1938 Roland Topor
0%
Aucun quiz correspondant
Distribution des résultats
% des personnes avec chaque résultat
Percentile par nombre de réponses
Votre historique - résultats
Vous n’avez pas pris ce quiz